[Event "Nagoya Open"]
[Site "Nagoya"]
[Date "2004.07.31"]
[Round "1"]
[White "S.Otake"]
[Black "S.Bibby"]
[Result "0-1"]
[WhiteElo "1694"]
[BlackElo "2245"]
1.e4 c5 2.Nf3 Nc6 3.d4 cxd4 4.Nxd4 e5 5.Nb5 d6 6.N1c3 a6 7.Na3 b5 8.Nd5 Nge7 9.c3 Nxd5 10.exd5 Ne7 11.c4 g6 12.Bg5 Bg7 13.Qc1 bxc4 14.Bxc4 h6 15.Bd2 Bb7 16.Qc3 0-0 17.Qf3 f5 18.Bc3 Rc8 19.Qd1 f4 20.Qg4 Kh7 21.Rd1 Rf5 22.h4 h5 23.Qe2 e4 24.Bxg7 Kxg7 25.g4 fxg3 26.fxg3 e3 27.g4 Qa5+ 0-1

[Event "Nagoya Open"]
[Site "Nagoya"]
[Date "2004.07.31"]
[Round "1"]
[White "K.Nakagori"]
[Black "D.Morimoto"]
[Result "1-0"]
[WhiteElo "2091"]
[BlackElo "1468"]
1.e4 c5 2.Nc3 a6 3.g3 e6 4.Bg2 Qc7 5.d3 Nc6 6.Nh3 g6 7.0-0 Bg7 8.f4 Nge7 9.f5 exf5 10.exf5 0-0 11.f6 Bh8 12.fxe7 Nxe7 13.Nf4 c4 14.Kh1 cxd3 15.Qxd3 Rb8 16.Nfd5 Nxd5 17.Nxd5 d6 18.Nxc7 1-0

[Event "Nagoya Open"]
[Site "Nagoya"]
[Date "2004.07.31"]
[Round "1"]
[White "M.Matsumoto"]
[Black "G.Gonda"]
[Result "0-1"]
[WhiteElo "1445"]
[BlackElo "2047"]
1.d4 Nf6 2.c4 e6 3.Nf3 b6 4.e3 Bb7 5.Be2 Be7 6.0-0 0-0 7.Nc3 Ne4 8.Qc2 f5 9.Nxe4 Bxe4 10.Qd2 d6 11.b3 Nd7 12.Bb2 Bf6 13.Rfd1 Qe7 14.Ne1 Rad8 15.Bf3 Bxf3 16.Nxf3 g5 17.d5 e5 18.Qc2 g4 19.Ne1 e4 20.Bxf6 Rxf6 21.g3 Rh6 22.Ng2 Ne5 23.Nh4 Rxh4 24.gxh4 Qxh4 25.f4 gxf3 26.Qf2 Qh5 27.Qg3+ Kf7 28.Kh1 Rg8 29.Qf4 Rg4 30.Qxg4 Nxg4 0-1

[Event "Nagoya Open"]
[Site "Nagoya"]
[Date "2004.07.31"]
[Round "1"]
[White "K.Sasaki"]
[Black "R.Phil"]
[Result "1-0"]
[WhiteElo "2027"]
[BlackElo "1444"]
1.e4 c5 2.Nf3 d6 3.d4 cxd4 4.Nxd4 Nf6 5.Nc3 a6 6.Bc4 b5 7.Bb3 e6 8.Bg5 Be7 9.Qf3 Bb7 10.Bxe6 fxe6 11.Nxe6 Qa5 12.Nxg7+ Kf7 13.Nf5 Nbd7 14.0-0 b4 15.Nd5 Bxd5 16.exd5 Qxd5 17.Rfe1 Rae8 18.Qxd5+ Nxd5 19.Bxe7 Nxe7 20.Nxd6+ Kf8 21.Nxe8 Kxe8 22.a3 bxa3 23.Rxa3 Nb8 24.Rb3 Nbc6 25.Rb6 Kd7 26.Rxa6 Rb8 27.b3 Rb7 28.Ra4 Ng6 29.f4 Kd8 30.Rae4 Nce7 31.Rd1+ Kc8 32.Rc4+ Kb8 33.Rd8+ Ka7 34.Ra4+ Kb6 35.Rb4+ Kc7 36.Rxb7+ Kxb7 37.g3 Kc7 38.Rd1 Nf8 39.Kf2 Ne6 40.Kf3 Nf5 41.Ke4 Neg7 42.g4 Nd6+ 43.Ke5 Nde8 44.f5 1-0

[Event "Nagoya Open"]
[Site "Nagoya"]
[Date "2004.07.31"]
[Round "1"]
[White "A.Kida"]
[Black "M.Baba"]
[Result "0-1"]
[WhiteElo "1318"]
[BlackElo "2011"]
1.c4 e5 2.Nc3 Nf6 3.e3 d5 4.d4 exd4 5.exd4 Bb4 6.a3 Bxc3+ 7.bxc3 0-0 8.Bd3 Re8+ 9.Be3 Ng4 10.Qd2 Nc6 11.Nf3 Na5 12.Rb1 Nxc4 13.Bxc4 dxc4 14.0-0 Nxe3 15.fxe3 Rb8 16.Rb5 f6 17.h3 Qe7 18.Re1 a6 19.Rb2 b5 20.Qf2 Qxa3 21.e4 Bb7 22.Re3 Rxe4 23.Rbe2 Rbe8 24.Rxe4 Rxe4 25.Rxe4 Bxe4 26.Qe3 f5 27.Nd2 Qc1+ 28.Kh2 h6 29.d5 Qc2 30.Nxe4 Qxe4 31.Qc5 Qe5+ 32.Kh1 f4 33.Qa7 Qxd5 34.Qxc7 f3 35.gxf3 Qxf3+ 36.Kh2 Kh7 37.Qb6 Qxc3 38.Qxa6 Qd2+ 39.Kg3 Qd3+ 40.Kg2 Qg6+ 0-1

[Event "Nagoya Open"]
[Site "Nagoya"]
[Date "2004.07.31"]
[Round "1"]
[White "Y.Matsui"]
[Black "Y.Irie"]
[Result "0-1"]
[WhiteElo "1919"]
[BlackElo "1306"]
1.Nf3 Nf6 2.g3 d5 3.Bg2 e6 4.0-0 Be7 5.d3 0-0 6.Nbd2 c5 7.e4 Nc6 8.Re1 b6 9.e5 Nd7 10.Nf1 Qc7 11.Qe2 Ba6 12.h4 c4 13.d4 Nb4 14.c3 Nd3 15.Rd1 Rae8 16.Bg5 f6 17.exf6 Bxf6 18.N1h2 Bxg5 19.hxg5 e5 20.dxe5 N7xe5 21.Qc2 Bc8 22.Rf1 Nxf3+ 23.Nxf3 Qe7 24.Rad1 Bg4 25.Rxd3 cxd3 26.Qxd3 Qe4 27.Qxe4 dxe4 28.Nd4 e3 29.Bd5+ Kh8 30.f3 Bd7 31.g6 Re5 32.Be4 hxg6 33.Bxg6 Rg5 34.Be4 Rxg3+ 35.Kh2 Rg5 36.Rg1 Rh5+ 37.Kg2 Rg5+ 38.Kh2 Rxg1 39.Kxg1 g6 40.Kf1 Bf5 41.Bd5 Bd3+ 42.Kg2 Re8 0-1

[Event "Nagoya Open"]
[Site "Nagoya"]
[Date "2004.07.31"]
[Round "1"]
[White "K.Morimoto"]
[Black "A.Koike"]
[Result "0-1"]
[WhiteElo "1295"]
[BlackElo "1917"]
1.c4 c6 2.g3 d5 3.cxd5 cxd5 4.d4 Nf6 5.Nf3 Bf5 6.Nc3 e6 7.Bg2 h6 8.0-0 Nc6 9.Bf4 g5 10.Be5 Nxe5 11.Nxe5 Bd6 12.Qa4+ Kf8 13.e3 a6 14.Rac1 b5 15.Qd1 Kg7 16.a3 Rc8 17.Qd2 Qa5 18.Ne4 Qxd2 19.Nxd2 Bxe5 20.dxe5 Ng4 21.Nf3 Be4 22.Nd2 Bxg2 23.Kxg2 Nxe5 24.Nb3 Nd3 25.Rb1 Rc2 26.Nd4 Rxb2 27.Rxb2 Nxb2 28.f4 Nc4 29.Kh3 Nxe3 30.Rf3 g4+ 0-1

[Event "Nagoya Open"]
[Site "Nagoya"]
[Date "2004.07.31"]
[Round "1"]
[White "R.Takahashi"]
[Black "K.Ohashi "]
[Result "1-0"]
[WhiteElo "1884"]
[BlackElo "1074"]
1.Nf3 Nf6 2.d3 g6 3.g3 Bg7 4.Bg2 0-0 5.0-0 d6 6.e4 e5 7.h3 Nbd7 8.Be3 h6 9.c4 Re8 10.Nc3 a5 11.Nh2 Nc5 12.f4 exf4 13.gxf4 Nh5 14.f5 Kh7 15.Ng4 g5 16.Qd2 Bxc3 17.bxc3 Ng3 18.Rf3 Ngxe4 19.dxe4 Nxe4 20.Qd5 Qe7 21.Qxe4 Qxe4 22.Nf6+ Kg7 23.Nxe4 Rxe4 24.Bd4+ f6 25.Rf2 Re8 26.c5 dxc5 27.Bxc5 Re5 28.Bd4 Rxf5 29.Rxf5 Bxf5 30.Rf1 Kg6 31.Bxb7 Rb8 32.Bd5 Rf8 33.Kg2 Bd3 34.Rf3 Bb5 35.Re3 c6 36.c4 Bxc4 37.Bxc4 c5 38.Bxc5 Rc8 39.Bd3+ 1-0

[Event "Nagoya Open"]
[Site "Nagoya"]
[Date "2004.07.31"]
[Round "1"]
[White "M.Itabashi"]
[Black "K.Noguchi "]
[Result "0-1"]
[WhiteElo "1028"]
[BlackElo "1883"]
1.e4 d6 2.d4 Nf6 3.Nc3 g6 4.Be3 c6 5.Be2 b5 6.Bf3 a6 7.Nge2 Bb7 8.0-0 Bg7 9.Nf4 0-0 10.e5 Ne8 11.e6 f5 12.d5 Nf6 13.Rb1 g5 14.dxc6 Nxc6 15.Nfd5 g4 16.Be2 Qc8 17.Nb6 Qxe6 18.Nxa8 Bxa8 19.Bg5 Ne5 20.Bxf6 Bxf6 21.a3 Kh8 22.Qd2 Rg8 23.Rbe1 Bg5 24.Qd4 Bf6 25.Qd1 Qf7 26.Bd3 Qh5 27.Re3 Nf3+ 28.gxf3 gxf3+ 29.Kh1 Rg2 0-1

[Event "Nagoya Open"]
[Site "Nagoya"]
[Date "2004.07.31"]
[Round "1"]
[White "Y.Ozaki"]
[Black "A.Matsuo"]
[Result "1-0"]
[WhiteElo "1817"]
[BlackElo "1182"]
1.e4 c5 2.Nf3 d6 3.d4 cxd4 4.Nxd4 Nf6 5.Nc3 g6 6.Be2 Bg7 7.0-0 0-0 8.Be3 Nc6 9.Kh1 d5 10.Nxc6 bxc6 11.e5 Ng4 12.Bxg4 Bxg4 13.Qxg4 Bxe5 14.Bd4 Qd6 15.Bxe5 Qxe5 16.Rae1 Qd6 17.Ne2 Rab8 18.b3 Rb4 19.Qg3 Qc5 20.c3 Rb7 21.Nd4 e6 22.f4 Qa3 23.Rf2 c5 24.Nc6 Qa6 25.Ne5 Qb6 26.Ng4 a5 27.f5 c4 28.Qe5 1-0

[Event "Nagoya Open"]
[Site "Nagoya"]
[Date "2004.07.31"]
[Round "2"]
[White "S.Bibby"]
[Black "R.Takahashi"]
[Result "1-0"]
[WhiteElo "2245"]
[BlackElo "1884"]
1.d4 Nf6 2.Bg5 e6 3.e4 c5 4.e5 h6 5.Bc1 Nd5 6.c4 Nc7 7.Nf3 cxd4 8.Nxd4 Nc6 9.Nxc6 dxc6 10.Qg4 Na6 11.Nc3 Nb4 12.Qe4 c5 13.a3 Nc6 14.Be3 a6 15.Be2 Qc7 16.f4 b6 17.0-0 Bb7 18.Bf3 Na5 19.Nd5 exd5 20.cxd5 0-0-0 21.Rfd1 Nb3 22.Rab1 Qd7 23.Qc2 Qa4 24.Rd4 Nxd4 25.Qxa4 Nxf3+ 26.gxf3 Rxd5 27.Qe8+ Rd8 28.Qxf7 h5 29.b4 cxb4 30.Bxb6 1-0

[Event "Nagoya Open"]
[Site "Nagoya"]
[Date "2004.07.31"]
[Round "2"]
[White "K.Noguchi"]
[Black "K.Nakagori"]
[Result "0-1"]
[WhiteElo "1883"]
[BlackElo "2091"]
1.g3 d5 2.Bg2 Nf6 3.Nf3 Nbd7 4.c4 dxc4 5.Na3 Nb6 6.Qc2 Qd5 7.Nh4 Qe6 8.b3 cxb3 9.axb3 c6 10.d3 g6 11.0-0 Bg7 12.Bb2 0-0 13.Nf3 Nfd7 14.Bxg7 Kxg7 15.d4 f5 16.Rfe1 Nf6 17.Nc4 Nxc4 18.bxc4 Qd6 19.Red1 f4 20.Ne5 fxg3 21.hxg3 Ng4 22.Nf3 Qf6 23.Ra3 Rf7 24.e4 e5 25.dxe5 Nxe5 26.Nxe5 Qxe5 27.f4 Qc5+ 28.Qf2 Qxa3 29.Qd4+ Kg8 30.Qd8+ Qf8 31.Qg5 Be6 32.f5 Qc5+ 33.Kh2 Bxc4 34.fxg6 Qxg5 0-1

[Event "Nagoya Open"]
[Site "Nagoya"]
[Date "2004.07.31"]
[Round "2"]
[White "G.Gonda"]
[Black "Y.Ozaki"]
[Result "1-0"]
[WhiteElo "2047"]
[BlackElo "1817"]
1.d4 Nf6 2.c4 e6 3.Nc3 c5 4.d5 exd5 5.cxd5 d6 6.e4 Be7 7.f4 0-0 8.Nf3 Re8 9.Be2 Nbd7 10.0-0 a6 11.a4 Qc7 12.Kh1 Bf8 13.Nd2 b6 14.Bf3 Bb7 15.Nc4 Rad8 16.Be3 Qb8 17.Qb3 Ba8 18.Rfe1 b5 19.axb5 axb5 20.Qxb5 Qxb5 21.Nxb5 Rxe4 22.Bxe4 Nxe4 23.Nc7 Bb7 24.Ra7 Bc8 25.Ra8 Nef6 26.Bd2 h6 27.Na5 Nb6 28.Rb8 Rd7 29.Ne8 Nxe8 30.Rxe8 1-0

[Event "Nagoya Open"]
[Site "Nagoya"]
[Date "2004.07.31"]
[Round "2"]
[White "Y.Yokomizo"]
[Black "K.Sasaki"]
[Result "0-1"]
[WhiteElo "1812"]
[BlackElo "2027"]
1.e4 e6 2.d3 d5 3.Qe2 Be7 4.g3 Nf6 5.Bg2 c5 6.e5 Nfd7 7.f4 Nc6 8.Nf3 0-0 9.0-0 b5 10.Nc3 Qb6 11.Nd1 Ba6 12.c3 b4 13.c4 dxc4 14.dxc4 Rac8 15.Nf2 Nd4 16.Nxd4 cxd4 17.b3 Nc5 18.Bb2 Rfd8 19.Nd3 Bb7 20.Bxb7 Qxb7 21.Nxc5 Bxc5 22.Qd3 a5 23.f5 exf5 24.Rxf5 Rc7 25.Raf1 Re7 26.e6 Qc6 27.exf7+ Kf8 28.Bc1 Rdd7 29.Bg5 Rxf7 30.Rxf7+ Rxf7 31.Bf4 h6 32.h4 Qe6 33.Kg2 Kg8 34.Kh2 Re7 35.Rf2 Qe1 36.Qf3 Kh8 37.Rf1 Qe2+ 38.Kh3 Qxf3 39.Rxf3 Re2 40.Kg4 Rxa2 41.Be5 Kg8 42.Kh5 Re2 43.Rf5 d3 44.Bf4 Be3 45.Bd6 Kh7 46.Rf7 Bd4 47.Bf4 d2 48.Bxd2 Rxd2 49.g4 Rd3 50.g5 hxg5 51.hxg5 Rh3+ 52.Kg4 Rxb3 53.Rd7 Bf2 54.Kf5 Rf3+ 55.Ke4 Rc3 56.Rc7 b3 57.Kf5 Rf3+ 58.Ke4 Re3+ 59.Kf4 Rg3 0-1

[Event "Nagoya Open"]
[Site "Nagoya"]
[Date "2004.07.31"]
[Round "2"]
[White "M.Baba"]
[Black "K.Iwata"]
[Result "1-0"]
[WhiteElo "2011"]
[BlackElo "1729"]
1.e4 g6 2.d4 Bg7 3.Nc3 d6 4.Be3 a6 5.a4 Nd7 6.Nf3 c5 7.Be2 Nh6 8.h3 f6 9.Qd2 Nf7 10.0-0 0-0 11.a5 Qc7 12.Nd5 Qd8 13.Bc4 e6 14.Nf4 Nb8 15.Nxe6 Bxe6 16.Bxe6 Qe7 17.Bd5 Nc6 18.c3 Kh8 19.Ne1 cxd4 20.cxd4 Nfd8 21.Nc2 Qd7 22.Na3 Ne7 23.Bb3 d5 24.exd5 Nxd5 25.Rac1 Nc6 26.Bxd5 Qxd5 27.Rc5 Qf7 28.d5 Rad8 29.Rd1 Rfe8 30.Qc2 Bf8 31.dxc6 Rxd1+ 32.Qxd1 Bxc5 33.Bxc5 bxc6 34.b4 Qa2 35.Nc2 Qf7 36.Qd6 Rc8 37.Nd4 Rc7 38.Qd8+ Kg7 39.Bf8+ 1-0

[Event "Nagoya Open"]
[Site "Nagoya"]
[Date "2004.07.31"]
[Round "2"]
[White "Y.Irie"]
[Black "A.Koike"]
[Result "0-1"]
[WhiteElo "1306"]
[BlackElo "1917"]
1.d4 d5 2.Nf3 Nf6 3.e3 c6 4.Bd3 Bg4 5.Nbd2 Nbd7 6.h3 Bh5 7.g4 Bg6 8.Bxg6 hxg6 9.g5 Ng8 10.e4 e6 11.Qe2 Bd6 12.e5 Bc7 13.Nf1 Ne7 14.Ng3 Nf8 15.Be3 Nf5 16.Nxf5 gxf5 17.0-0-0 g6 18.h4 Qe7 19.c4 dxc4 20.Qxc4 Nd7 21.Ne1 Nb6 22.Qb3 0-0-0 23.Nd3 Nd5 24.Nf4 Qb4 25.Nxd5 Qxb3 26.Ne7+ Kd7 27.axb3 Kxe7 28.Rh3 Bb6 29.f4 Rd5 30.Rh2 Rhd8 31.Rhd2 Ba5 32.Rd3 c5 33.Kc2 cxd4 34.Rxd4 Rxd4 35.Rxd4 Rxd4 36.Bxd4 a6 37.Bc5+ Kd7 38.b4 Bc7 39.Kc3 Kc6 40.Kd3 Kb5 41.Kc3 a5 42.Kb3 axb4 43.Bxb4 Bb6 44.Be1 Be3 45.Bg3 Bd4 46.Be1 Kc5 47.Bb4+ Kd5 48.Bd2 Ke4 0-1

[Event "Nagoya Open"]
[Site "Nagoya"]
[Date "2004.07.31"]
[Round "2"]
[White "K.Morimoto"]
[Black "Y.Matsui"]
[Result "0-1"]
[WhiteElo "1295"]
[BlackElo "1919"]
1.d4 Nf6 2.Bg5 Ne4 3.Be3 d5 4.Nd2 Bf5 5.f3 Nxd2 6.Bxd2 e6 7.Bf4 c5 8.dxc5 Bxc5 9.Qd2 Nc6 10.c3 a5 11.Be3 Qb6 12.Bxc5 Qxc5 13.e3 0-0 14.Ne2 e5 15.Ng3 Bg6 16.Bd3 d4 17.Bxg6 hxg6 18.Ne4 Qb6 19.exd4 exd4 20.b3 a4 21.b4 dxc3 22.Qxc3 Rac8 23.Qc5 Qxb4+ 24.Qxb4 Nxb4 25.0-0 Rc7 26.Rfc1 Rfc8 27.Rxc7 Rxc7 28.Kf1 a3 29.Nd6 Rc2 30.Nb5 Rxa2 31.Rxa2 Nxa2 32.Nxa3 Kf8 33.Ke2 Ke7 34.Kd3 Nb4+ 35.Kc4 Nc6 36.Nc2 Kf6 37.Kc5 Ke5 38.Kb6 Nd4 39.Nxd4 Kxd4 40.Kxb7 Ke3 41.Kc7 Kf2 42.Kd7 Kxg2 43.f4 Kxh2 44.Ke7 f6 45.Kf7 g5 46.fxg5 fxg5 0-1

[Event "Nagoya Open"]
[Site "Nagoya"]
[Date "2004.07.31"]
[Round "2"]
[White "A.Matsuo"]
[Black "S.Otake"]
[Result "0-1"]
[WhiteElo "1182"]
[BlackElo "1694"]
1.e4 c5 2.Nf3 Nc6 3.d4 cxd4 4.Nxd4 e5 5.Nf3 Be7 6.Bc4 Nf6 7.Nc3 a6 8.Ng5 0-0 9.0-0 h6 10.Nf3 b5 11.Bd3 d6 12.Nh4 Bg4 13.f3 Qb6+ 14.Kh1 Be6 15.Qe1 Rfd8 16.Be3 Qc7 17.Qg3 Nh5 18.Qf2 g5 19.Bb6 Qd7 20.Bxd8 gxh4 21.Bxe7 Qxe7 22.Qe3 Qf6 23.Qb6 Ne7 24.Qxd6 Ng3+ 25.hxg3 hxg3 26.Kg1 Qh4 27.Rf2 Ng6 28.Kf1 Nf4 29.Qc6 0-1

[Event "Nagoya Open"]
[Site "Nagoya"]
[Date "2004.07.31"]
[Round "2"]
[White "K.Ohashi"]
[Black "D.Morimoto"]
[Result "0-1"]
[WhiteElo "1074"]
[BlackElo "1468"]
1.Nf3 Nf6 2.d4 g6 3.g3 Bg7 4.Bg2 0-0 5.0-0 d5 6.c3 Na6 7.Nbd2 c5 8.Re1 cxd4 9.Nxd4 e5 10.N4b3 Be6 11.e4 Qc7 12.exd5 Bxd5 13.Nf3 Rad8 14.Qc2 Nc5 15.Nxc5 Qxc5 16.Nxe5 Bxg2 17.Kxg2 Rfe8 18.Bf4 Nh5 19.Be3 Qxe5 20.Bxa7 Qd5+ 21.Kg1 Nf6 22.a3 Qh5 23.h4 g5 24.Rxe8+ Rxe8 25.Qf5 gxh4 26.Qxh5 Nxh5 27.gxh4 Re2 28.Rb1 Nf4 29.Kf1 Rc2 30.Rd1 Rxb2 31.Rd8+ Bf8 32.Bc5 Rb1+ 0-1

[Event "Nagoya Open"]
[Site "Nagoya"]
[Date "2004.07.31"]
[Round "2"]
[White "M.Itabashi"]
[Black "M.Matsumoto"]
[Result "0-1"]
[WhiteElo "1028"]
[BlackElo "1445"]
1.e4 e6 2.d4 d5 3.e5 c5 4.c3 Nc6 5.Nf3 Qb6 6.a3 Bd7 7.g3 Be7 8.Bg2 f6 9.exf6 Nxf6 10.b4 c4 11.Bf4 0-0 12.Nbd2 a5 13.0-0 axb4 14.axb4 Qd8 15.Rxa8 Qxa8 16.Qa1 b5 17.Ne5 Nxe5 18.Bxe5 Qb7 19.Qb2 Ng4 20.f4 Nxe5 21.fxe5 Rxf1+ 22.Kxf1 Qa8 23.Nf3 Qa4 24.Ke2 Be8 25.Bh3 Qa6 26.Nd2 Bf7 27.Nb1 Be8 28.Qa3 Qxa3 29.Nxa3 Kf7 30.Kf3 Bd7 31.Bg4 Bg5 32.h4 Bc1 33.Nb1 Ke7 34.Bh3 Be8 35.g4 Bg6 0-1

[Event "Nagoya Open"]
[Site "Nagoya"]
[Date "2004.08.01"]
[Round "3"]
[White "K.Sasaki"]
[Black "S.Bibby"]
[Result "0-1"]
[WhiteElo "2027"]
[BlackElo "2245"]
1.e4 e6 2.d4 d5 3.e5 c5 4.c3 Nc6 5.Nf3 Qb6 6.Bd3 cxd4 7.cxd4 Bd7 8.0-0 Nxd4 9.Nxd4 Qxd4 10.Nc3 a6 11.Qe2 Ne7 12.Kh1 Nc6 13.f4 Bc5 14.a3 Ba7 15.Bd2 h5 16.Rf3 Qc5 17.Be3 Qe7 18.Bxa7 Nxa7 19.f5 Nc6 20.f6 Qf8 21.Rf2 g6 22.Rc1 Qh6 23.Re1 Qg5 24.Na4 Nd4 25.Qd1 Qg4 26.Nb6 Rd8 27.Qd2 Nf5 0-1

[Event "Nagoya Open"]
[Site "Nagoya"]
[Date "2004.08.01"]
[Round "3"]
[White "K.Nakagori"]
[Black "M.Baba"]
[Result "1/2-1/2"]
[WhiteElo "2091"]
[BlackElo "2011"]
1.Nf3 Nf6 2.g3 b5 3.Bg2 Bb7 4.0-0 e6 5.d3 Be7 6.e4 d6 7.h3 0-0 8.Nh2 c5 9.Qe2 Qc7 10.Nd2 Nc6 11.c3 d5 12.f4 dxe4  13.dxe4 c4 14.e5 Nd7 15.Ne4 Nc5 16.Ng4 Nxe4 17.Bxe4 Bc5+ 18.Kh2 Ne7 19.Bc2 Rad8 20.Be3 Nf5 21.Bxc5 Qxc5 22.Rae1 Rfe8 23.Nf2 Rd7 24.g4 Nh4 25.Ne4 Bxe4 26.Bxe4 Red8 27.Rd1 Rxd1 28.Rxd1 1/2-1/2

[Event "Nagoya Open"]
[Site "Nagoya"]
[Date "2004.08.01"]
[Round "3"]
[White "A.Koike"]
[Black "G.Gonda"]
[Result "1/2-1/2"]
[WhiteElo "1917"]
[BlackElo "2047"]
1.d4 Nf6 2.c4 e6 3.Nc3 d5 4.Bg5 Be7 5.e3 h6 6.Bh4 0-0 7.Nf3 Ne4 8.Bxe7 Qxe7 9.Bd3 Nxc3 10.bxc3 dxc4 11.Bxc4 c5 12.0-0 Nc6 13.Qc2 b6 14.Qe2 Bb7 15.Ba6 Bxa6 16.Qxa6 e5 17.Qb5 Rac8 18.dxc5 Qxc5 19.Qxc5 bxc5 20.Rfd1 Rfd8 21.Kf1 f6 22.Ke2 Kf7 23.Nd2 f5 24.Nc4 Ke6 25.e4 f4 26.Rab1 Rxd1 27.Rxd1 Rd8 28.Rb1 1/2-1/2

[Event "Nagoya Open"]
[Site "Nagoya"]
[Date "2004.08.01"]
[Round "3"]
[White "S.Otake"]
[Black "Y.Matsui"]
[Result "1-0"]
[WhiteElo "1694"]
[BlackElo "1919"]
1.e4 e6 2.d4 d5 3.e5 c5 4.c3 Bd7 5.a3 Qb6 6.b4 cxd4 7.cxd4 Bb5 8.Bxb5 Qxb5 9.Nc3 Qc6 10.Bb2 b5 11.Rc1 Qb7 12.f4 g6 13.g4 Nh6 14.Qf3 Nd7 15.Nge2 a6 16.0-0 Nb6 17.Rc2 Nc4 18.Ng3 Nxg4 19.Qxg4 Ne3 20.Qe2 Nxc2 21.Qxc2 Rc8 22.Qg2 Rc4 23.f5 gxf5 24.Nxf5 exf5 25.Nxd5 Qc6 26.Nf6+ Kd8 27.d5 Qc8 28.d6 Rc2 29.Qd5 Qc6 30.Qxc6 Rxc6 31.Rxf5 Bh6 32.Nd5 Rg8+ 33.Kf1 Rc2 34.Rf2 Rxf2+ 35.Kxf2 Bg5 36.Bd4 Rg6 37.Kf3 Rh6 38.Kg4 Bc1 39.Bb6+ Kd7 40.Kf5 Bxa3 41.Nf6+ Rxf6 42.Kxf6 Bxb4 43.Kxf7 Kc6 44.Bc7 a5 45.e6 1-0

[Event "Nagoya Open"]
[Site "Nagoya"]
[Date "2004.08.01"]
[Round "3"]
[White "D.Morimoto"]
[Black "R.Takahashi"]
[Result "1/2-1/2"]
[WhiteElo "1468"]
[BlackElo "1884"]
1.e4 e5 2.Nf3 Nf6 3.d4 Nxe4 4.dxe5 d5 5.exd6 Nxd6 6.c4 Nc6 7.Nc3 Be7 8.Be2 0-0 9.0-0 Nf5 10.Nd5 Bd6 11.a3 Nh4 12.Nxh4 Qxh4 13.g3 Qd8 14.Be3 Re8 15.Qc2 Ne7 16.Nc3 Nf5 17.Rad1 Nxe3 18.fxe3 Qg5 19.e4 Bh3 20.Rf3 h5 21.b4 h4 22.Qd2 Qxd2 23.Rxd2 hxg3 24.hxg3 Be5 25.Nd5 c6 26.Nf4 Be6 27.Nxe6 Rxe6 28.Rd7 Bf6 29.Rxb7 Rxe4 30.Bf1 Rd8 31.Rd3 Rde8 32.Rdd7 Bd4+ 33.Kg2 1/2-1/2

[Event "Nagoya Open"]
[Site "Nagoya"]
[Date "2004.08.01"]
[Round "3"]
[White "M.Matsumoto"]
[Black "K.Noguchi"]
[Result "0-1"]
[WhiteElo "1445"]
[BlackElo "1883"]
1.d4 d6 2.Nf3 g6 3.e3 Bg7 4.c4 e5 5.dxe5 dxe5 6.Qxd8+ Kxd8 7.Be2 Be6 8.Ng5 Ke7 9.Nxe6 Kxe6 10.e4 Bh6 11.Nc3 c6 12.Bxh6 Nxh6 13.0-0-0 Na6 14.Rd2 Rad8 15.Rhd1 Ke7 16.Rxd8 Rxd8 17.Rxd8 Kxd8 18.a3 Nc7 19.Kd2 Ne6 20.g3 Nd4 21.Bd1 Ke7 22.Ke3 f6 23.f4 Kd6 24.fxe5 Kxe5 25.h3 Nf7 26.Ne2 Nxe2 27.Bxe2 Ng5 28.Bg4 Nxe4 29.Bc8 b6 30.Bb7 Nd6 31.Ba6 b5 32.cxb5 cxb5 33.b3 Kd5 34.g4 Kc5 35.a4 Kb4 36.axb5 Nxb5 37.Bxb5 Kxb5 38.Kd3 Kb4 39.Kc2 h5 40.gxh5 gxh5 41.h4 a5 42.Kb2 f5 43.Kc2 f4 0-1

[Event "Nagoya Open"]
[Site "Nagoya"]
[Date "2004.08.01"]
[Round "3"]
[White "Y.Ozaki"]
[Black "R.Phil"]
[Result "1-0"]
[WhiteElo "1817"]
[BlackElo "1444"]
1.e4 c5 2.Nf3 d6 3.d4 cxd4 4.Nxd4 Nf6 5.Nc3 a6 6.Be2 e5 7.Nb3 b5 8.a3 Be7 9.0-0 0-0 10.Be3 Bb7 11.Bf3 Nbd7 12.Re1 Rc8 13.g3 Nc5 14.Bg5 Nfd7 15.Bxe7 Qxe7 16.Nd5 Bxd5 17.Qxd5 Nb6 18.Qd1 Nc4 19.Nxc5 dxc5 20.b3 Rfd8 21.Qc1 Nb6 22.Qe3 Rc6 23.Red1 Qc7 24.Rxd8+ Qxd8 25.Rd1 Rd6 26.Rxd6 Qxd6 27.Kg2 c4 28.b4 Kf8 29.h4 f6 30.Bg4 Qd4 31.Qf3 Ke7 32.Qf5 Qd7 33.Qh5 Qd4 34.Qxh7 Kd6 35.Bf5 Qc3 36.Qxg7 Qxa3 37.Qxf6+ Kc7 38.Qxe5+ Kb7 39.f3 Na4 40.Qe7+ Kc6 41.Qe8+ Kd6 42.Qd7+ 1-0

[Event "Nagoya Open"]
[Site "Nagoya"]
[Date "2004.08.01"]
[Round "3"]
[White "Y.Yokomizo"]
[Black "K.Sakamoto"]
[Result "1-0"]
[WhiteElo "1812"]
[BlackElo "1375"]
1.e4 d5 2.exd5 Qxd5 3.Nc3 Qd6 4.Nf3 Nf6 5.Be2 e5 6.d3 Be7 7.0-0 0-0 8.Nb5 Qd8 9.a4 a6 10.Na3 Nc6 11.Nc4 Bd6 12.Nxd6 cxd6 13.c3 h6 14.Qc2 Bf5 15.Nh4 Bh7 16.Be3 Qc7 17.Qb3 Ne7 18.Bd2 Rab8 19.f4 e4 20.f5 d5 21.Bf4 Qd7 22.Bxb8 Rxb8 23.dxe4 Nxe4 24.Rad1 Rd8 25.Bf3 Nf6 26.Kh1 Nxf5 27.Nxf5 Bxf5 28.c4 d4 29.Qxb7 Qxa4 30.Bc6 Qc2 31.Qxa6 d3 32.Qb6 Rd6 33.Qb8+ 1-0

[Event "Nagoya Open"]
[Site "Nagoya"]
[Date "2004.08.01"]
[Round "3"]
[White "A.Kida"]
[Black "K.Kawashima"]
[Result "0-1"]
[WhiteElo "1318"]
[BlackElo "1802"]
1.e4 c5 2.Nf3 e6 3.d4 cxd4 4.Nxd4 a6 5.Nc3 b5 6.Bd3 Qc7 7.Be3 Bb7 8.Qd2 Nf6 9.f3 d6 10.Qf2 Nbd7 11.0-0 Be7 12.Nce2 0-0 13.c3 Rfe8 14.Rac1 Ne5 15.Rfd1 Rad8 16.Ng3 Nxd3 17.Rxd3 d5 18.Nde2 dxe4 19.Rxd8 Qxd8 20.Nd4 Qc7 21.b4 Qc4 22.h3 exf3 23.gxf3 Nd5 24.Nf1 Qd3 25.Bd2 Bd6 26.Re1 h6 27.h4 Rc8 28.Qg2 Nf4 29.Bxf4 Bxf4 30.Ne2 Be5 31.Nh2 Bxc3 32.Rc1 Bd4+ 33.Kh1 Rxc1+ 34.Nxc1 Qd1+ 35.Qf1 Bxf3+ 0-1

[Event "Nagoya Open"]
[Site "Nagoya"]
[Date "2004.08.01"]
[Round "3"]
[White "K.Iwata"]
[Black "Y.Irie"]
[Result "0-1"]
[WhiteElo "1729"]
[BlackElo "1306"]
1.c4 Nf6 2.Nf3 e6 3.Nc3 Bb4 4.g3 d5 5.Bg2 0-0 6.0-0 c6 7.Qb3 Be7 8.d3 Nbd7 9.Bf4 Ng4 10.d4 dxc4 11.Qxc4 Nb6 12.Qb3 Nd5 13.Nxd5 exd5 14.Ne5 Nxe5 15.Bxe5 g5 16.e4 dxe4 17.Bxe4 Qb6 18.Qxb6 axb6 19.d5 f5 20.d6 Bf6 21.Bxf6 Rxf6 22.Bc2 Rxd6 23.Rfd1 Rxd1+ 24.Rxd1 Be6 25.a3 Re8 26.f4 gxf4 27.gxf4 Kf7 28.Kf2 Rg8 29.Rg1 Rxg1 30.Kxg1 c5 31.Kf2 Kf6 32.Ke3 Bd5 33.Bd1 Be4 34.Bb3 b5 35.Bg8 h6 36.Bb3 Ke7 37.Bd1 Kd6 38.Be2 Kc6 39.Bd3 Bxd3 40.Kxd3 b6 41.b3 Kd5 0-1

[Event "Nagoya Open"]
[Site "Nagoya"]
[Date "2004.08.01"]
[Round "3"]
[White "M.Itabashi"]
[Black "K.Morimoto"]
[Result "1/2-1/2"]
[WhiteElo "1028"]
[BlackElo "1295"] 
1.e4 c5 2.Nf3 d6 3.d4 cxd4 4.Nxd4 e5 5.Nb3 Nc6 6.Nc3 Nf6 7.Be2 Be7 8.Be3 0-0 9.Qd2 Be6 10.0-0 d5 11.exd5 Nxd5 12.Nxd5 Bxd5 13.c4 Bb4 14.Qxd5 Qxd5 15.cxd5 Ne7 16.Rfd1 Rfd8 17.Bf3 Bd6 18.Bc5 b6 19.Bxd6 Rxd6 20.Rac1 Rc8 21.Rxc8+ Nxc8 22.h3 Ne7 23.Rc1 a5 24.Rd1 g6 25.Kh2 f5 26.Be2 Kf7 27.Bc4 Kf6 28.Nc1 e4 29.Ne2 Ke5 30.Bb3 h5 31.Nc3 h4 32.Nb5 Rd7 33.d6 Nc6 34.Bd5 Nb4 35.Bb3 Nd3 36.Rd2 Nc5 37.Bd5 Nd3 38.Bc6 Rd8 39.d7 Nc5 40.Nd6 Ke6 41.Nb7 Nxb7 42.Bxb7 Rxd7 43.Rxd7 Kxd7 44.Bd5 g5 45.g3 Kd6 46.Bf7 Ke5 47.gxh4 gxh4 48.Kg2 f4 49.Bh5 Kd4 50.Kf1 Kd3 51.Bf7 b5 52.b3 Kc3 53.a4 bxa4 54.bxa4 Kd2 55.Bc4 1/2-1/2

[Event "Nagoya Open"]
[Site "Nagoya"]
[Date "2004.08.01"]
[Round "4"]
[White "S.Bibby"]
[Black "K.Nakagori"]
[Result "0-1"]
[WhiteElo "2245"]
[BlackElo "2091"]  
1.d4 e6 2.c4 Nf6 3.Nf3 b6 4.e3 Bb7 5.Bd3 Be7 6.0-0 0-0 7.Nc3 d5 8.cxd5 exd5 9.b3 a6 10.Bb2 Bd6 11.Ne5 Nbd7 12.f4 Ne4 13.Nxe4 dxe4 14.Be2 b5 15.Rc1 f6 16.Nc6 Qe8 17.a4 bxa4 18.bxa4 Nb6 19.d5 Kh8 20.a5 Nc8 21.Qd4 Bxc6 22.Rxc6 Ne7 23.Rxa6 Rxa6 24.Bxa6 Qa8 25.Bc4 Qxa5 26.Qxe4 Qb4 27.Bd3 Qxe4 28.Bxe4 f5 29.Bf3 Rb8 30.Be5 Rb5 31.Rd1 Kg8 32.g4 g6 33.Kf2 Kf7 34.gxf5 gxf5 35.h4 Ng6 36.Bxd6 cxd6 37.h5 Ne7 38.h6 Rb2+ 39.Kg3 Kg6 40.e4 Ng8 41.e5 Nxh6 42.Rc1 Rb8 43.Rc6 Rd8 44.Kh4 Kg7 45.Kg5 Nf7+ 46.Kxf5 Rf8 47.Rc7 Kg8 48.e6 Nh8+ 49.Kg5 Ng6 50.f5 Ne5 51.Bh5 h6+ 52.Kxh6 Rxf5 53.Bg6 Ng4+ 0-1

[Event "Nagoya Open"]
[Site "Nagoya"]
[Date "2004.08.01"]
[Round "4"]
[White "G.Gonda"]
[Black "M.Baba"]
[Result "0-1"]
[WhiteElo "2047"]
[BlackElo "2011"]
1.d4 e6 2.Nf3 Nf6 3.c4 d5 4.Nc3 c6 5.Bg5 h6 6.Bh4 dxc4 7.a4 Bb4 8.e3 b5 9.Be2 Bb7 10.0-0 a6 11.Ne5 Nbd7 12.Nxd7 Qxd7 13.Bxf6 gxf6 14.Ne4 Be7 15.Bf3 f5 16.Nc5 Bxc5 17.dxc5 0-0-0 18.Qb1 Qe7 19.axb5 axb5 20.b4 Rd2 21.Ra7 Qf6 22.g3 Rhd8 23.Ra2 Qc3 24.Rc1 Qxc1+ 25.Qxc1 Rxa2 26.Qc3 Rdd2 27.Qh8+ Kc7 28.Qf8 c3 29.Qxf7+ Rd7 30.Qxe6 c2 31.Qe5+ Kc8 32.Qe8+ Rd8 33.Qe6+ Kb8 34.Qxa2 c1=Q+ 35.Kg2 Qe1 0-1

[Event "Nagoya Open"]
[Site "Nagoya"]
[Date "2004.08.01"]
[Round "4"]
[White "A.Koike"]
[Black "K.Sasaki"]
[Result "1-0"]
[WhiteElo "1917"]
[BlackElo "2027"]
1.d4 Nf6 2.c4 e6 3.Nc3 d5 4.Bg5 Be7 5.e3 h6 6.Bh4 0-0 7.Nf3 b6 8.Be2 Bb7 9.Bxf6 Bxf6 10.cxd5 exd5 11.b4 c6 12.0-0 Ba6 13.Rc1 Bxe2 14.Qxe2 Qd6 15.a3 Nd7 16.e4 dxe4 17.Nxe4 Qd5 18.Nxf6+ Nxf6 19.Qc4 Rac8 20.Ne5 Ne4 21.Nxc6 Qg5 22.Qd3 Nc5 23.Qf3 Ne6 24.Qg3 Qxc1 25.Rxc1 Nxd4 26.Qg4 Nxc6 27.g3 f5 28.Qc4+ Kh8 29.Qe6 Nd4 30.Qxc8 1-0

[Event "Nagoya Open"]
[Site "Nagoya"]
[Date "2004.08.01"]
[Round "4"]
[White "K.Noguchi"]
[Black "K.Kawashima"]
[Result "0-1"]
[WhiteElo "1883"]
[BlackElo "1802"]
1.g3 c5 2.c4 Nc6 3.Nf3 e5 4.Nc3 g6 5.Bg2 Bg7 6.0-0 Nge7 7.d3 0-0 8.a3 d6 9.Rb1 a5 10.Nb5 h6 11.Bd2 Kh7 12.Ne1 f5 13.b4 axb4 14.axb4 f4 15.e3 fxe3 16.Bxe3 Nxb4 17.Nc2 Nbc6 18.Bd2 Ra2 19.Ne3 Nf5 20.Nc3 Ra8 21.Ned5 Ra6 22.Nb5 Nfd4 23.Nbc7 Ra2 24.Nb5 Nxb5 25.Rxb5 Nd4 26.Rb6 Bf5 27.Be3 Ra3 28.Bxd4 Rxd3 29.Qa4 Rxd4 30.Rxb7 Bc8 31.Rb8 Bd7 32.Rxd8 Bxa4 33.Rxd6 Bb3 34.Rd7 Bxc4 35.Rb1 e4 36.Nb6 Bd3 37.Rd1 Rxd7 38.Nxd7 Rc8 39.Nb6 Rb8 40.Nd7 Rb5 41.f3 Be2 42.Rd6 exf3 0-1